La experiencia Española en materia de informática educativa a nivel de E.G.B y B.U.P
Gardado en:
| Autor Principal: | |
|---|---|
| Formato: | Libro |
| Idioma: | Lingua castelá |
| Publicado: |
Salamanca
Universidad Pontificia de Salamanca
1988
|
| Subjects: | |
| Tags: |
Engadir etiqueta
Sen Etiquetas, Sexa o primeiro en etiquetar este rexistro!
|
MARC
| LEADER | 00000nam a2200000 a 4500 | ||
|---|---|---|---|
| 001 | UCT0405 | ||
| 003 | CL-VaPUC | ||
| 008 | 960830e19880000SP |||||||||||||||||spa|d | ||
| 082 | 0 | 4 | |a 371.334 |b SAN |2 21 |
| 100 | 0 | |a Sánchez García, José |e author |9 369069 | |
| 245 | 1 | 3 | |a La experiencia Española en materia de informática educativa a nivel de E.G.B y B.U.P |
| 300 | |a 47 p | ||
| 942 | |c BK | ||
| 945 | |d 19960830 00:00:00 |a nastorga | ||
| 260 | |a Salamanca |b Universidad Pontificia de Salamanca |c 1988 | ||
| 650 | 0 | |a Aplicaciones de computadores |9 260401 | |
| 650 | 0 | |a Informática |9 260044 | |
| 650 | 0 | |a Educación básica |9 224933 | |
| 651 | 0 | |a España |9 254926 | |
| 583 | |a last modification |c 20170824 09:48:39 |k Rodrigo Vera | ||
| 999 | |c 251408 |d 251406 | ||
| 952 | |0 0 |1 0 |4 0 |6 371_334000000000000_SAN_1988 |7 0 |8 P |9 270524 |a BIBEDU |b BIBEDU |c BIBEDU_PB |d 2019-11-19 |i 3226174 |o 371.334 SAN 1988 |p 3226174 |r 2024-01-25 |w 2019-11-19 |y BK |k EDU | ||